000 00398nam a2200133Ia 4500
008 231129s9999||||xx |||||||||||||| ||spa||
020 _a958-07-1134-8
040 _bspa
082 _a900.7 R456s
100 _aReyes Cardenas Catalina
245 0 _aSociedades civilizaciones y culturas : Ciencias sociales integradas
264 _aSusaeta
942 _2ddc
_cBKS
999 _c24752
_d24752